000 01074nas a2200337 4500
001 BR2012008685
003 BR-BrBNA
005 20231205121428.0
007 ta
008 230509b bl.|||p| |||| 00| 00por d
040 _aBR-BrBNA
_bpor
_cBiblioteca Nacional de Agricultura
041 _a(En)
072 _aL74
100 1 _aSafatle, A.M.V.
100 1 _aHvenegaard, A.P.
100 1 _aOtsuki, D.
100 1 _aMartins, T.L.
100 1 _aKahvegian, M.
100 1 _aBerezovsky, A.
100 1 _aSalomão, S.R.
100 1 _aBarros, P.S.M.
245 1 _aComparison of full-field electroretinogram in diabetic and non diabetic dogs with cataracts
246 1 _aComparison of full-field electroretinogram in diabetic and non diabetic dogs with cataracts
650 _aCÃO
650 _aDIABETE
650 _aCATARATA
650 _aDISTÚRBIO METABÓLICO
773 0 _tPesquisa Veterinária Brasileira (Brazil)
_xISSN 0100-736X
_g(Dec 2010), v. 30(12) p. 1071-1076
_wBR2012008685
909 _a202311
_bLúcia
_c55
_dLúcia Elande
942 _2AGRIS
_n0
_cANA
999 _c223530
_d223530